000 00669cam a2200205 i 4500
005 20200104041512.0
008 990118s1997 ck co 1 spa d
015 _aSSS
040 _aCO-BoPUJ
_cCO-BoIAVH
_dCO-BoIAVH
041 0 _aspa
082 0 4 _a333.782
_bC11r
100 1 _aCabrera Galvis, Mauricio
245 1 0 _aReserva Natural La Planada /
_ctextos de Mauricio Cabrera Galvis.
260 _aCali :
_bFundación para la Educación Superior
_c1997
300 _a134 páginas ,
_c30 cm.
650 1 4 _aÁreas de conservación de recursos naturales
650 2 4 _aParque naturales
650 2 4 _aDesarrollo sostenible
942 _2ddc
_cLIBRO
_02
999 _c600
_d600